000 00498nam a2200181Ia 4500
008 151018s9999 xx 000 0 und d
082 _bRBASDV22006
_a891.433
100 _aराणू
245 _aबर्फ के अंगारे
250 _b1
260 _bकुसुम
_c1990
300 _a176
600 _aराणू
630 _aबर्फ के अंगारे
700 _aराणू
730 _aबर्फ के अंगारे
942 _cBOOK
999 _c1021678
_d1021675